|
|
|
|
| LEADER |
00000nam0a2200000 4500 |
| 001 |
311114 |
| 005 |
20231102002344.0 |
| 035 |
|
|
|a (RuTPU)RU\TPU\book\336469
|
| 090 |
|
|
|a 311114
|
| 100 |
|
|
|a 20151202d1981 km y0rusy50 ca
|
| 101 |
1 |
|
|a rus
|c eng
|
| 102 |
|
|
|a UA
|
| 105 |
|
|
|a a z 001zy
|
| 200 |
1 |
|
|a Структура и эволюционная история Солнечной системы
|e пер. с англ.
|f Х. Альфвен, Г. Аррениус
|g под ред. А. Ф. Богородского
|
| 210 |
|
|
|a Киев
|c Наукова думка
|d 1981
|
| 215 |
|
|
|a 332 с.
|c ил.
|
| 320 |
|
|
|a Библиогр. в конце ч.
|
| 320 |
|
|
|a Предм. указ.: с. 323-326
|
| 606 |
1 |
|
|a Солнечная система
|2 stltpush
|3 (RuTPU)RU\TPU\subj\67348
|9 83191
|
| 610 |
1 |
|
|a эволюционная теория
|
| 610 |
1 |
|
|a история
|
| 610 |
1 |
|
|a структура
|
| 610 |
1 |
|
|a орбиты
|
| 610 |
1 |
|
|a планеты
|
| 610 |
1 |
|
|a спутники
|
| 610 |
1 |
|
|a малые тела
|
| 610 |
1 |
|
|a вращение
|
| 610 |
1 |
|
|a приливы
|
| 610 |
1 |
|
|a небесные тела
|
| 610 |
1 |
|
|a аккреция
|
| 610 |
1 |
|
|a плазма
|
| 610 |
1 |
|
|a химический состав
|
| 610 |
1 |
|
|a метеориты
|
| 610 |
1 |
|
|a критическая скорость
|
| 675 |
|
|
|a 523
|v 4
|
| 700 |
|
1 |
|a Альфвен
|b Х.
|g Ханнес
|
| 701 |
|
1 |
|a Аррениус
|b Г.
|g Густав
|
| 702 |
|
1 |
|a Богородский
|b А. Ф.
|4 340
|
| 801 |
|
1 |
|a RU
|b 63413507
|c 20151202
|
| 801 |
|
2 |
|a RU
|b 63413507
|c 20190924
|g RCR
|
| 942 |
|
|
|c BK
|